[Event "12th Essent op"]
[Site "Hoogeveen NED"]
[Date "2008.10.17"]
[Round "1.13"]
[White "Chapman, Terry PD"]
[Black "Mekhitarian, Krikor Sevag"]
[Result "0-1"]
[WhiteElo "2240"]
[BlackElo "2511"]
[EventDate "2008.10.17"]
[PlyCount "92"]

1.Nf3 c5 2.c4 Nc6 3.d4 cxd4 4.Nxd4 Nf6 5.Nc3 e6 6.Ndb5 d5 7.Bf4 e5 8.cxd5 
exf4 9.dxc6 bxc6 10.Qxd8+ Kxd8 11.O-O-O+ Bd7 12.Nd6 Bxd6 13.Rxd6 Ng4 14.g3
Kc7 15.Rd4 fxg3 16.hxg3 Nxf2 17.Rh5 f5 18.Bg2 g6 19.Rhh4 Ng4 20.Rc4 Ne3 
21.Nd5+ Nxd5 22.Bxd5 Rae8 23.Rc2 Re5 24.Bf3 a5 25.Rhc4 Re6 26.Ra4 Re5 27.
Rac4 Re6 28.Ra4 Ra8 29.b4 Re5 30.Kd2 Kb6 31.Rb2 Rb5 32.bxa5+ Rxa5 33.Rxb5+
cxb5 34.Rxa5 Kxa5 35.Bd5 Kb4 36.Bg8 h6 37.Ke3 Kc3 38.Kf4 Kd4 39.e3+ Kd3 
40.Bf7 g5+ 41.Ke5 Bc8 42.Kd6 Kxe3 43.Kc7 f4 44.gxf4 g4 45.Kxc8 g3 46.Bd5 
Kxf4 0-1

[Event "12th Essent op"]
[Site "Hoogeveen NED"]
[Date "2008.10.17"]
[Round "1.41"]
[White "Ten Vergert, Paul"]
[Black "Tan, Matthew"]
[Result "1/2-1/2"]
[WhiteElo "1980"]
[BlackElo "2321"]
[EventDate "2008.10.17"]
[PlyCount "76"]

1.e4 e6 2.d4 d5 3.Nc3 Bb4 4.exd5 exd5 5.Bd3 Qf6 6.Ne2 Ne7 7.O-O c6 8.Bf4 
Ng6 9.Re1 O-O 10.Bg3 Bg4 11.a3 Ba5 12.f3 Bf5 13.Bxf5 Qxf5 14.b4 Bb6 15.Na4
Nd7 16.Nc5 Bxc5 17.dxc5 Rfe8 18.Nd4 Qg5 19.Qd3 Qf6 20.Rad1 Rxe1+ 21.Rxe1 
Nde5 22.Qb3 Nc4 23.c3 a6 24.a4 h5 25.Qb1 h4 26.Bc7 Rc8 27.Bb6 Nge5 28.Qf5 
Qxf5 29.Nxf5 Re8 30.Nxh4 g5 31.f4 gxh4 32.fxe5 Nxe5 33.Re3 f6 34.g4 Kf7 
35.h3 Rg8 36.Bc7 Nc4 37.Re2 Rg7 38.Bf4 Rg8 1/2-1/2

[Event "12th Essent op"]
[Site "Hoogeveen NED"]
[Date "2008.10.18"]
[Round "2.4"]
[White "Gupta, Abhijeet"]
[Black "Brandenburg, Daan"]
[Result "1-0"]
[WhiteElo "2580"]
[BlackElo "2436"]
[EventDate "2008.10.17"]
[PlyCount "43"]

1.d4 Nf6 2.c4 c5 3.d5 b5 4.cxb5 a6 5.e3 axb5 6.Bxb5 Qa5+ 7.Nc3 Bb7 8.Ne2 
Bxd5 9.O-O Bc6 10.Qd3 Bxb5 11.Nxb5 d5 12.b4 cxb4 13.Qc2 Kd7 14.Ned4 e6 15.
Bb2 Be7 16.Rfc1 Rd8 17.a4 Qb6 18.a5 Qb7 19.Qa4 Bd6 20.Nxd6+ Kxd6 21.Nb5+ 
Kd7 22.Rc7+ 1-0

[Event "12th Essent op"]
[Site "Hoogeveen NED"]
[Date "2008.10.18"]
[Round "2.35"]
[White "Lammens, Tim"]
[Black "Colijn, Stefan"]
[Result "1-0"]
[WhiteElo "2289"]
[BlackElo "2118"]
[EventDate "2008.10.17"]
[PlyCount "69"]

1.Nf3 c5 2.g3 d5 3.Bg2 Nc6 4.O-O e5 5.d3 Nf6 6.e4 dxe4 7.dxe4 Qxd1 8.Rxd1 
Bg4 9.Nbd2 O-O-O 10.Rf1 Nb4 11.Nxe5 Nxc2 12.Nxg4 Nxg4 13.Rb1 Ne5 14.Nf3 
Bd6 15.Nh4 Nd3 16.Nf5 Bf8 17.Bd2 g6 18.Bc3 Rg8 19.Bf6 gxf5 20.Bxd8 Kxd8 
21.Rfd1 c4 22.Rbc1 Nb4 23.Rxc4 Ke7 24.a3 Kf6 25.Rc8 Nxb2 26.Rdd8 Nc6 27.
Rxf8 Rxf8 28.Rxf8 Nc4 29.exf5 Ke7 30.Ra8 Nb6 31.Rh8 Nc4 32.a4 Nb6 33.Bxc6 
bxc6 34.a5 Nc4 35.Ra8 1-0

[Event "12th Essent op"]
[Site "Hoogeveen NED"]
[Date "2008.10.19"]
[Round "3.3"]
[White "Di Berardino, Diego Rafael"]
[Black "Ikonnikov, Vyacheslav"]
[Result "1/2-1/2"]
[WhiteElo "2502"]
[BlackElo "2571"]
[EventDate "2008.10.17"]
[PlyCount "29"]

1.e4 e6 2.d4 d5 3.Nc3 Nf6 4.Bg5 Bb4 5.Ne2 dxe4 6.a3 Be7 7.Bxf6 Bxf6 8.Nxe4
O-O 9.Qd2 e5 10.O-O-O exd4 11.Nxf6+ Qxf6 12.Qxd4 Nd7 13.Nc3 Qxd4 14.Rxd4 
Nf6 15.Bc4 1/2-1/2

[Event "12th Essent op"]
[Site "Hoogeveen NED"]
[Date "2008.10.19"]
[Round "3.18"]
[White "Van Kooten, Luuk"]
[Black "Van Delft, Merijn"]
[Result "1/2-1/2"]
[WhiteElo "2263"]
[BlackElo "2402"]
[EventDate "2008.10.17"]
[PlyCount "75"]

1.d4 Nf6 2.c4 e6 3.Nc3 Bb4 4.e3 b6 5.Bd3 Bb7 6.Ne2 Bxg2 7.Rg1 Bf3 8.Qc2 
Nc6 9.Rg3 Bh5 10.a3 Bxc3+ 11.Nxc3 Bg6 12.f4 O-O 13.d5 Bxd3 14.Qxd3 Na5 15.
Ne2 exd5 16.cxd5 Nb7 17.b4 Nd6 18.Bb2 Re8 19.O-O-O Nde4 20.Rg2 c5 21.dxc6 
dxc6 22.Qc4 Qe7 23.Rdg1 g6 24.f5 Nd6 25.Qc2 Qxe3+ 26.Kb1 Nfe4 27.fxg6 hxg6
28.Qxc6 Nd2+ 29.Ka1 Nb3+ 30.Ka2 Qe6 31.Nf4 Nc1+ 32.Kb1 Qa2+ 33.Kxc1 Rec8 
34.Rxg6+ fxg6 35.Rxg6+ Kh7 36.Rg7+ Kh6 37.Rg6+ Kh7 38.Rg7+ 1/2-1/2

[Event "12th Essent op"]
[Site "Hoogeveen NED"]
[Date "2008.10.19"]
[Round "3.23"]
[White "Meurs, Tom WA"]
[Black "Tan, Matthew"]
[Result "0-1"]
[WhiteElo "2110"]
[BlackElo "2321"]
[EventDate "2008.10.17"]
[PlyCount "78"]

1.e4 e6 2.d4 d5 3.exd5 exd5 4.c4 Nf6 5.Nc3 Bb4 6.Bd3 O-O 7.Ne2 dxc4 8.Bxc4
Nbd7 9.O-O Nb6 10.Bb3 Bd6 11.Qd3 Re8 12.Ng3 Be6 13.Bc2 Bc4 14.Qd1 Bxf1 15.
Nxf1 c5 16.Be3 cxd4 17.Qxd4 Nbd5 18.Rd1 Nxe3 19.Nxe3 Be7 20.Qh4 Qa5 21.Nf5
Bf8 22.Qg5 Kh8 23.Nd6 Qxg5 24.Nxf7+ Kg8 25.Nxg5 h6 26.Bb3+ Kh8 27.Nf7+ Kh7
28.h3 g6 29.g4 Re7 30.g5 hxg5 31.Nxg5+ Kh6 32.h4 Rae8 33.Kg2 a6 34.Rd6 Bg7
35.Nf7+ Kh5 36.Kh3 Rxf7 37.Bxf7 Re1 38.Nd5 Nxd5 39.Rxd5+ Kh6 0-1

[Event "12th Essent op"]
[Site "Hoogeveen NED"]
[Date "2008.10.19"]
[Round "3.24"]
[White "Groenewold, Jan Joris"]
[Black "Prasanna, Raghuram Rao"]
[Result "1-0"]
[WhiteElo "2106"]
[BlackElo "2311"]
[EventDate "2008.10.17"]
[PlyCount "89"]

1.Nf3 Nf6 2.d4 e6 3.c4 d5 4.g3 dxc4 5.Bg2 Nc6 6.Qa4 Bb4+ 7.Bd2 Nd5 8.Bxb4 
Nxb4 9.a3 b5 10.Qd1 Nd5 11.e4 Nf6 12.Nc3 Rb8 13.O-O O-O 14.e5 Nd5 15.Ne4 
Nde7 16.Qd2 Bb7 17.Rfd1 Nf5 18.Qf4 Nce7 19.Nc5 Bd5 20.Qd2 Nc6 21.g4 Nfe7 
22.Qe3 Ng6 23.Rd2 Nce7 24.Ne1 Rb6 25.f4 f6 26.Rf2 fxe5 27.dxe5 Bxg2 28.
Nxg2 Nd5 29.Qg3 Qe7 30.Ne4 b4 31.h4 bxa3 32.Rxa3 Qb4 33.f5 Ngf4 34.Nxf4 
Qe1+ 35.Kh2 Qxe4 36.Nxe6 Rfb8 37.Nc5 Qd4 38.Ne6 Qd1 39.Qg2 Qe1 40.Re2 
Qxh4+ 41.Rh3 Qe7 42.Qxd5 Rxb2 43.Ng5+ Kf8 44.Nxh7+ Ke8 45.Nf6+ 1-0

[Event "12th Essent op"]
[Site "Hoogeveen NED"]
[Date "2008.10.20"]
[Round "4.30"]
[White "Rademakers, Evert"]
[Black "Vedder, Richard"]
[Result "0-1"]
[WhiteElo "2151"]
[BlackElo "2334"]
[EventDate "2008.10.17"]
[PlyCount "90"]

1.d4 Nf6 2.Nf3 e6 3.c4 d5 4.g3 dxc4 5.Bg2 Nc6 6.Qa4 Bb4+ 7.Bd2 Nd5 8.Bxb4 
Nxb4 9.a3 b5 10.Qxb5 Nc2+ 11.Kd2 Nxa1 12.Qxc6+ Bd7 13.Qxc4 c5 14.Nc3 cxd4 
15.Nxd4 Rc8 16.Qd3 e5 17.Rxa1 exd4 18.Qxd4 O-O 19.Ke1 Bc6 20.Qxd8 Rfxd8 
21.Bxc6 Rxc6 22.Rd1 Rxd1+ 23.Kxd1 g5 24.Ne4 g4 25.f3 f5 26.Nf2 Rh6 27.fxg4
Rxh2 28.Ke1 Rg2 29.gxf5 Rxg3 30.Nd3 h5 31.Kf2 h4 32.Nf4 Kf7 33.Ng6 Rb3 34.
Nxh4 Rxb2 35.Kf3 Rb3+ 36.Kf4 Rxa3 37.e4 a5 38.Ng6 a4 39.Ne5+ Kg7 40.Nd7 
Ra1 41.e5 Kf7 42.e6+ Ke7 43.Nb6 a3 44.Nd5+ Kf8 45.f6 a2 0-1

[Event "12th Essent op"]
[Site "Hoogeveen NED"]
[Date "2008.10.20"]
[Round "4.40"]
[White "Galje, Hans"]
[Black "Ducarmon, Quinten"]
[Result "0-1"]
[WhiteElo "2121"]
[BlackElo "2082"]
[EventDate "2008.10.17"]
[PlyCount "136"]

1.d4 Nf6 2.c4 e6 3.Nc3 Bb4 4.e3 c5 5.Ne2 cxd4 6.exd4 d5 7.a3 Be7 8.cxd5 
Nxd5 9.g3 b6 10.Qa4+ Bd7 11.Qb3 Bc6 12.Bg2 Nxc3 13.Bxc6+ Nxc6 14.bxc3 O-O 
15.O-O Rc8 16.a4 Na5 17.Qa2 Nc4 18.Nf4 Bg5 19.Qe2 Bxf4 20.Bxf4 Qd7 21.Rfd1
Rfd8 22.Bg5 Re8 23.Qg4 Kh8 24.Qe2 Na5 25.Ra3 Rc4 26.Rda1 Rec8 27.Bd2 R4c7 
28.Be1 Qd5 29.Qb5 Qe4 30.Qb1 Qb7 31.Qd3 Rd7 32.Qe2 Rd5 33.Rb1 e5 34.Qe4 
Qd7 35.dxe5 Nc4 36.e6 Qd6 37.Ra2 Re5 38.Qg4 h5 39.Qh3 Re8 40.f4 Qxe6 41.
Qxe6 R5xe6 42.Bf2 h4 43.Rb5 hxg3 44.hxg3 f6 45.Rd5 Kg8 46.Rd4 Re4 47.Rd7 
R4e7 48.Rd4 Rc7 49.Rd3 Kf7 50.Bd4 Re1+ 51.Kf2 Rb1 52.Kf3 Rb2 53.Ra1 Re7 
54.Be3 Nxe3 55.Rxe3 Rxe3+ 56.Kxe3 Rg2 57.Kf3 Rc2 58.Ra3 Ke6 59.Ke4 g6 60.
g4 Kd6 61.Ra1 Rxc3 62.Rd1+ Ke7 63.Rd4 Rg3 64.Kd5 Rxg4 65.Kc6 g5 66.Rd7+ 
Ke6 67.Rxa7 gxf4 68.Kxb6 f3 0-1

[Event "12th Essent op"]
[Site "Hoogeveen NED"]
[Date "2008.10.21"]
[Round "5.32"]
[White "Van Kooten, Luuk"]
[Black "Haitsma, Anne"]
[Result "1-0"]
[WhiteElo "2263"]
[BlackElo "2107"]
[EventDate "2008.10.17"]
[PlyCount "69"]

1.d4 Nf6 2.c4 e6 3.Nc3 Bb4 4.e3 O-O 5.Bd3 d5 6.Ne2 c5 7.cxd5 cxd4 8.exd4 
Nxd5 9.O-O Nc6 10.Bc2 Be7 11.Qd3 g6 12.Nxd5 exd5 13.Qf3 Bf6 14.Be3 Nb4 15.
Bb1 b6 16.a3 Na6 17.Ba2 Bb7 18.Rac1 Bg7 19.Nf4 Nc7 20.Rfd1 Rc8 21.Rc3 Qd7 
22.h4 Nb5 23.Rxc8 Rxc8 24.Bxd5 Bxd5 25.Nxd5 Nc7 26.Nc3 h5 27.Qb7 Rd8 28.
Qxa7 Qc6 29.Qa4 b5 30.Qb3 Bf6 31.d5 Qc4 32.Qxc4 bxc4 33.Bg5 Kg7 34.Bxf6+ 
Kxf6 35.Rd4 1-0

[Event "12th Essent op"]
[Site "Hoogeveen NED"]
[Date "2008.10.21"]
[Round "5.33"]
[White "Ducarmon, Quinten"]
[Black "Clemens, Adrian HP"]
[Result "1-0"]
[WhiteElo "2082"]
[BlackElo "2261"]
[EventDate "2008.10.17"]
[PlyCount "43"]

1.e4 e5 2.Nf3 d6 3.d4 exd4 4.Nxd4 Nf6 5.Nc3 Be7 6.g3 d5 7.e5 Ng4 8.Bg2 c6 
9.f4 Qb6 10.h3 Nh6 11.O-O Nf5 12.Ne2 f6 13.Kh2 fxe5 14.Nxf5 Bxf5 15.fxe5 
O-O 16.Nd4 Bg6 17.Rxf8+ Bxf8 18.Qg4 Nd7 19.Qe6+ Kh8 20.Qxd7 Qxd4 21.Qxb7 
Qf2 22.Be3 1-0

[Event "12th Essent op"]
[Site "Hoogeveen NED"]
[Date "2008.10.22"]
[Round "6.33"]
[White "Mellema, Andries"]
[Black "Dal Borgo, Albin"]
[Result "1/2-1/2"]
[WhiteElo "2097"]
[BlackElo "2210"]
[EventDate "2008.10.17"]
[PlyCount "84"]

1.e4 e5 2.Nc3 Nf6 3.g3 c6 4.d4 Bb4 5.Bg2 d5 6.exd5 Nxd5 7.Ne2 Nxc3 8.bxc3 
Bd6 9.dxe5 Bxe5 10.Ba3 Qxd1+ 11.Rxd1 Bg4 12.f4 Bc7 13.O-O Nd7 14.h3 Bxe2 
15.Rfe1 O-O-O 16.Rxe2 Rhe8 17.Red2 Nb6 18.Rxd8+ Bxd8 19.Bc5 Na4 20.Bd4 Bb6
21.Kf1 Bxd4 22.cxd4 Re3 23.Re1 Rxe1+ 24.Kxe1 Nc3 25.Kd2 Nb5 26.Kd3 Nd6 27.
c4 Kd7 28.c5 Nf5 29.g4 Ne7 30.Be4 h6 31.Kc4 g5 32.fxg5 hxg5 33.d5 cxd5+ 
34.Bxd5 f6 35.Be4 b6 36.cxb6 axb6 37.a3 Kd6 38.Kb5 Kc7 39.Kc4 Kb8 40.Kb5 
Kc7 41.Kc4 Kc8 42.Kb5 Kc7 1/2-1/2

[Event "12th Essent op"]
[Site "Hoogeveen NED"]
[Date "2008.10.23"]
[Round "7.13"]
[White "Van Kooten, Luuk"]
[Black "Ikonnikov, Vyacheslav"]
[Result "1/2-1/2"]
[WhiteElo "2263"]
[BlackElo "2571"]
[EventDate "2008.10.17"]
[PlyCount "125"]

1.d4 Nf6 2.c4 e6 3.Nc3 Bb4 4.e3 b6 5.Ne2 c5 6.a3 Ba5 7.Rb1 Na6 8.Bd2 O-O 
9.Ng3 Bb7 10.Bd3 Bxg2 11.Rg1 Bb7 12.d5 Ne8 13.e4 Qh4 14.Qf3 f5 15.exf5 Nf6
16.Qg2 Rf7 17.Nge2 Bxc3 18.bxc3 exf5 19.Bg5 Qg4 20.Qh1 Qh5 21.Nf4 Re7+ 22.
Kf1 Qf7 23.Bxf5 Re5 24.Bd3 Rf8 25.Qg2 Nc7 26.Re1 Rfe8 27.Rxe5 Rxe5 28.Bxf6
Qxf6 29.Qh3 h6 30.Qxd7 Re7 31.Qf5 Qxf5 32.Bxf5 Rf7 33.Be6 Nxe6 34.Nxe6 Bc8
35.Rg6 Kh7 36.Rg3 Bxe6 37.dxe6 Re7 38.Re3 Kg6 39.Ke2 Kf5 40.Kd3 g5 41.Rf3+
Kxe6 42.Re3+ Kf6 43.Rxe7 Kxe7 44.Ke4 Ke6 45.f4 g4 46.f5+ Kf6 47.Kf4 h5 48.
a4 a6 49.Ke4 h4 50.Kf4 g3 51.hxg3 h3 52.Kf3 Kxf5 53.g4+ Kg5 54.Kg3 h2 55.
Kxh2 Kxg4 56.Kg2 Kf4 57.Kf2 Ke4 58.Ke2 Kf4 59.Kf2 a5 60.Ke2 Ke4 61.Kd2 Kf3
62.Kd3 Kf2 63.Kd2 1/2-1/2

[Event "12th Essent op"]
[Site "Hoogeveen NED"]
[Date "2008.10.23"]
[Round "7.23"]
[White "Balje, Jan"]
[Black "Humphrey, Jonathan"]
[Result "1/2-1/2"]
[WhiteElo "2193"]
[BlackElo "2330"]
[EventDate "2008.10.17"]
[PlyCount "34"]

1.d4 Nf6 2.c4 e6 3.Nf3 d5 4.g3 dxc4 5.Bg2 Nc6 6.Qa4 Bb4+ 7.Bd2 Nd5 8.Bxb4 
Nxb4 9.O-O O-O 10.a3 Nd5 11.Qxc4 Nb6 12.Qd3 e5 13.Rd1 exd4 14.Nxd4 Nxd4 
15.Qxd4 Qxd4 16.Rxd4 c6 17.Nc3 Be6 1/2-1/2

[Event "12th Essent op"]
[Site "Hoogeveen NED"]
[Date "2008.10.25"]
[Round "9.10"]
[White "Kaplan, Sasha"]
[Black "Ikonnikov, Vyacheslav"]
[Result "0-1"]
[WhiteElo "2425"]
[BlackElo "2571"]
[EventDate "2008.10.17"]
[PlyCount "68"]

1.e4 c5 2.Nf3 Nc6 3.d4 cxd4 4.Nxd4 e5 5.Nb5 d6 6.c4 Be7 7.N1c3 a6 8.Na3 
Be6 9.Bd3 Bg5 10.O-O Bxc1 11.Rxc1 Nge7 12.Nc2 Ng6 13.g3 Qg5 14.Nd5 O-O 15.
Kh1 Bh3 16.Rg1 f5 17.Nc7 fxe4 18.Bxe4 Rac8 19.Bd5+ Kh8 20.Be6 Bf5 21.Bxc8 
Be4+ 22.f3 Bxf3+ 23.Qxf3 Rxf3 24.Bxb7 Nge7 25.Rcf1 Qf5 26.Ne3 Qe4 27.Ng2 
Rxf1 28.Rxf1 Qxc4 29.Rf8+ Ng8 30.h4 Ne7 31.Ne8 Qe6 32.Kh2 Ng6 33.Nc7 Qd7 
34.Rc8 Ne7 0-1